Killer Su Doku Book-2 : (Record no. 588201)

MARC details
000 -LEADER
fixed length control field 00422nam a2200181 a 4500
008 - FIXED-LENGTH DATA ELEMENTS--GENERAL INFORMATION
fixed length control field 250920s2008##################000#0#eng##
020 ## - INTERNATIONAL STANDARD BOOK NUMBER
ISBN 9780007281572
082 04 - DEWEY DECIMAL CLASSIFICATION NUMBER
Classification number 793.74
Item number HER
100 1# - MAIN ENTRY--AUTHOR NAME
Personal name Aiia,
245 10 - TITLE STATEMENT
Title Killer Su Doku Book-2 :
260 ## - PUBLICATION, DISTRIBUTION, ETC. (IMPRINT)
Name of publisher Collins,
Year of publication 2008.
300 ## - PHYSICAL DESCRIPTION
Number of Pages 192 pages
942 ## - ADDED ENTRY ELEMENTS (KOHA)
Koha item type English Books
Holdings
Withdrawn status Lost status Damaged status Not for loan Home library Current library Shelving location Date acquired Full call number Accession Number Price effective from Koha item type
        Anna Centenary Library Anna Centenary Library 6TH FLOOR, B WING 20.09.2025 793.74 HER 484054 20.09.2025 English Books

Find us on the map